000 01688nam a22002297a 4500
999 _c59331
_d59331
003 Ge_BSU
005 20230123150140.0
008 230123s2015 ge ||||| |||| 00| 0 geo d
020 _a9789941459535
041 _ageo
080 _a634.424.8(479.22) ს-25
100 _aსანთელაძე, ნატალია
_916759
245 _aფეიჰოას კულტურის (Feijoa sellowiana Berg) აგროსაწარმოო დაჯგუფება იმერეთის რეგიონის ალუვიური ნიადაგების აგროეკოლოგიურ გარემოში : [მონოგრაფია] /
_cნატალია სანთელაძე ; რედაქტორი როზა ლორთქიფანიძე ; აკაკი წერეთლის სახელმწიფო უნივერსიტეტი.
264 _aქუთაისი :
_bაკაკი წერეთლის სახელმწ. უნ-ტის გამ-ბა,
_c2015.
300 _a84 გვ. :
_bცხრ. ;
_c20 სმ.
504 _aბიბლიოგრაფია: გვ. 75-80.
653 _aფეიჰოას კულტურა საქართველოში.
653 _aალუვიური ნიადაგები საქართველოში.
700 _aლორთქიფანიძე, როზა
_eრედაქტორი
_92506
700 _aქუთაისის აკაკი წერეთლის სახელმწიფო უნივერსიტეტი
_916760
942 _2udc
_cBK